Capitales d'Europe - Mort Subite - Statistiques

Statistiques générales
  • Ce quiz a été pris 326 fois
  • Le résultat moyen est 20 sur 25
Answers on the Grid
Answers color-coded by a green-red scale on the quiz's grid according to % correct below.
Londres
Oslo
Porto
Madrid
Manchester
Chisinau
Varsovie
Tirana
Liverpool
Milan
Barcelone
Zagreb
Bratislava
Vilnius
Bucarest
Düsseldorf
Sofia
Minsk
Split
Dublin
Athènes
Lisbonne
Rotterdam
Saint-Pétersbourg
Moscou
Rome
Florence
Bruxelles
Amsterdam
Kiev
Munich
Copenhague
Graz
Helsinki
Prague
Podgorica
Vienne
Zurich
 
Statistiques - réponses
Réponse % Correct
Londres
98%
Madrid
91%
Oslo
90%
Sofia
84%
Varsovie
84%
Athènes
83%
Moscou
82%
Bucarest
81%
Lisbonne
81%
Rome
81%
Zagreb
81%
Amsterdam
80%
Dublin
80%
Bruxelles
79%
Helsinki
79%
Kiev
79%
Vienne
79%
Bratislava
77%
Copenhague
76%
Prague
75%
Vilnius
74%
Minsk
73%
Tirana
73%
Chisinau
63%
Podgorica
58%
Aucun quiz correspondant
Distribution des résultats
% des personnes avec chaque résultat
Percentile par nombre de réponses
Votre historique - résultats
Vous n’avez pas pris ce quiz